Meniti Onak Di Bawah Bayu
| Main Author: | |
|---|---|
| Format: | Book |
| Published: |
Kuala Lumpur :
DBP ,
1992
|
| Series: | Novel remaja
|
| Subjects: |
MARC
| LEADER | 00000cam a2200000 7i4500 | ||
|---|---|---|---|
| 001 | 0000007405 | ||
| 002 | 000007963 | ||
| 005 | 20000330.0 | ||
| 020 | |a 9836230149 | ||
| 090 | 0 | 0 | |a F |b ROS |
| 100 | 0 | |a Rosnani Sablee | |
| 245 | 1 | 0 | |a Meniti Onak Di Bawah Bayu |c Rosnani Sablee |
| 260 | |a Kuala Lumpur : |b DBP , |c 1992 | ||
| 300 | |a 172p. ; |c 18cm. | ||
| 490 | 0 | |a Novel remaja | |
| 650 | 0 | 0 | |a Love stories |
| 999 | |a 055284 |b BUKU |c FICTION |e PERPUSTAKAAN KOMUNITI CAW KOTA DAMANSARA | ||
| 999 | |a 055285 |b BUKU |c FICTION |e PERPUSTAKAAN KOMUNITI CAW KOTA DAMANSARA | ||